Slávenie Eucharistie je tytmom života cirkvi

Bibliographic Details
Main Author: Argaláš, Dušan (Author)
Format: Article
Language:Slovak
Subjects:

MARC

LEADER 00000nab a2200000 a 4500
001 vtls008426374
003 SK-MaSNL
005 20260303065935.0
008 140328c2005 xo mr|p|||||||000 b|slo
015 |a SNBRB2006/01  |2 snkbucl 
038 |a SNKBUCL 
040 |a SNKBUCL  |b slo  |c SNKBUCL  |e AACR2 
041 0 |a slo 
044 |a xo  |c SK 
080 |a 265.3  |2 1997 
100 1 |a Argaláš, Dušan  |4 aut  |9 13347 
245 1 0 |a Slávenie Eucharistie je tytmom života cirkvi  |c Dušan Argaláš 
650 0 7 |a Eucharistia (sviatosť)  |x slávenie  |2 snkbucl  |9 1066672 
773 0 |t Duchovný pastier  |g Roč. 86, č. 4 (2005), s. 222-223  |x 0139-861X 
852 |a SNK  |b KIS3GCP 
958 |a NT 
999 |c 1753349  |d 1755279